Mariánské Lázně a okolí : letní pohledová mapa /

Korporativní autor: Orbis (firma)
Jazyk: Čeština
Vydáno: Praha : Ústřední správa geodesie a kartografie, 1955
Vydání: 1. vydání
Témata:
Fyzický popis: 1 mapa : barevná ; 31 x 46 cm
Mapy
Uloženo v:
LEADER 01504nem a2200409 i 4500
001 001684870
003 CZ BrMZK
005 20190913115843.0
007 aj canzn
008 190527s1955 xr z a | cze
015 |a cnb000720303 
020 |q (Složeno) 
034 0 |a a 
035 |a (OCoLC)85446269 
040 |a ABA001  |b cze  |c OLA001  |d ABA001  |d BOA001  |e rda 
043 |a e-xr---  |b e-xr-ka  |2 czenas 
072 7 |a 913(437)  |x Geografie Česka a Slovenska, reálie, cestování  |2 Konspekt  |9 7 
072 7 |a 912  |x Mapy. Atlasy. Glóby  |2 Konspekt  |9 7 
080 |a 913(437.318)  |2 MRF 
080 |a (084.3-37)  |2 MRF 
110 2 |a Orbis (firma)  |7 ko2010599870 
245 1 0 |a Mariánské Lázně a okolí :  |b letní pohledová mapa /  |c zpracoval a vytiskl n.p. Orbis 02 
250 |a 1. vydání 
255 |a Měřítko neuvedeno 
264 1 |a Praha :  |b Ústřední správa geodesie a kartografie,  |c 1955 
264 3 |b n.p. Orbis 02 
300 |a 1 mapa :  |b barevná ;  |c 31 x 46 cm 
336 |a kartografický obraz  |b cri  |2 rdacontent 
337 |a bez média  |b n  |2 rdamedia 
338 |a list  |b nb  |2 rdacarrier 
651 7 |a Mariánské Lázně (Česko : oblast)  |7 ge129965  |2 czenas 
655 7 |a pohledové mapy  |7 fd687856  |2 czenas 
910 |a BOA001  |b X-0347.945 
990 |a MP 
991 |b 201905 
996 6 |b 2618991257  |c X-0347.945  |l MZK  |r Sklad / do 24 hodin  |n 0  |w 001725364  |u 000020  |a 1  |e BOA001  |j MZK50  |s P 
996 7 |b 2618991258  |c X-0347.945  |l MZK  |r Sklad / do 24 hodin  |n 0  |w 001725364  |u 000010  |a 1  |e BOA001  |j MZK50  |s A